banner-ar

مصر وبلاد النوبة / (Record no. 36481)

MARC details
000 -الفاتح
حقل البيانات ثابتة الطول 00843nam a2200265Ia 4500
008 - عناصر البيانات ثابتة الطول - معلومات عامة
حقل البيانات ثابتة الطول 140319s9999 xx 000 0 ara d
040 ## - مصدر الفهرسة
وكالة الفهرسة الأصلية GCL /
وكالة النسخ GCL
082 04 - رقم تصنيف ديوى العشرى
رقم التصنيف ق
رقم المادة 932.05
-- ا م
100 1# - المدخل الرئيسى - إسم شخصى
الإسم الشخصى تحفة احمد حندوسة
245 10 - بيان العنوان
العنوان مصر وبلاد النوبة /
بيان المسئوليه,etc تحفة احمد حندوسة
700 1# - المدخل الاضافى - اسم شخصى
الإسم الشخصى عبدالمنعم ابوبكر
700 1# - المدخل الاضافى - اسم شخصى
الإسم الشخصى امرى ، والتر . ب
260 ## - PUBLICATION, DISTRIBUTION, ETC. (IMPRINT)
تاريخ النشر أو التوزيع 1970
300 ## - الوصف المادى
التعداد 263 ص
490 ## - بيان السلسلة
عنوان السلسلة
650 04 - المدخل الاضافى بالموضوع-مصطلح موضوعى
مصطلح موضوعي العصر الحديث
650 04 - المدخل الاضافى بالموضوع-مصطلح موضوعى
مصطلح موضوعي تاريخ
650 04 - المدخل الاضافى بالموضوع-مصطلح موضوعى
مصطلح موضوعي مصر القديمة
650 04 - المدخل الاضافى بالموضوع-مصطلح موضوعى
مصطلح موضوعي النوبة
650 04 - المدخل الاضافى بالموضوع-مصطلح موضوعى
مصطلح موضوعي الدولة الوسطى
650 04 - المدخل الاضافى بالموضوع-مصطلح موضوعى
مصطلح موضوعي الدولة الحديثة
650 04 - المدخل الاضافى بالموضوع-مصطلح موضوعى
مصطلح موضوعي خريطة جزيرة فيلة
942 ## - عناصر المدخل الإضافي( كوها)
مصدر التصنيف او مخطط الترفيف Dewey Decimal Classification
Koha [default] item type كتاب
260 ## - PUBLICATION, DISTRIBUTION, ETC. (IMPRINT)
-- [S.N] :
-- الهيئة المصرية العامة للتأليف والنشر ،
Holdings
حالة التراجع حالة الفقد حالة تلف ليس للاعارة المكان المؤقت الموقع الحالى تاريخ الاكتساب اجمالي اﻻعارات رقم الطلب الباركود تاريخ اخر مشاهدة تاريخ تفعيل السعر نوع وعاء كوها
        مكتبة القاهرة الكبرى مكتبة القاهرة الكبرى 03/26/2014   ق\932.05\ا م 88714 03/26/2014 03/26/2014 كتاب

Powered By

EGPV